000 00702nam a2200229Ia 4500
003 GCL
008 140319s9999 xx 000 0 ara d
040 _aGCL /
_cGCL
082 0 4 _a811.1
_bح د
100 1 _aيوسف شكرى فرحات
245 1 0 _aديوان المرؤة /
_cيوسف شكرى فرحات
700 1 _aالسموأل
700 1 _aحاتم الطائى، حاتم بن عبدالله بن سعد، -575 م
260 _aبيروت :
_bدار الجيل ،
_c1992
300 _a248 ص
490 _a
650 0 4 _aالشعر العربى
650 0 4 _aالادب العربى
650 0 4 _aدواوين وقصائد
650 0 4 _aالمجموعات
942 _2ddc
_cBK
999 _c54394
_d54394